| 000 | 01096nam a2200289 i 4500 | ||
|---|---|---|---|
| 001 | bg | ||
| 100 | 1 | _aWoreta, Robert. | |
| 245 | 1 | 0 |
_aŹródła narastania akcji kredytowej w warunkach integracji walutowej : _bprzyczyny boomów kredytowych w Irlandii, Hiszpanii i Portugalii / _cRobert Woreta, Radosław Sankowski, Przemysław Sepielak ; Komisja Nadzoru Finansowego. |
| 260 |
_aWarszawa : _bKomisja Nadzoru Finansowego, _c2010. |
||
| 300 |
_a67 s. : _bil. kolor. ; _c30 cm. |
||
| 490 | 1 | _aMateriały i Opracowania Urzędu Komisji Nadzoru Finansowego | |
| 504 | _aBibliogr. s. 65-67. | ||
| 650 | 4 |
_aKredyt _xpolityka _zkraje Unii Europejskiej |
|
| 650 | 4 |
_aRynek kapitałowy _zkraje Unii Europejskiej |
|
| 700 | 1 | _aSankowski, Radosław. | |
| 700 | 1 | _aSepielak, Przemysław. | |
| 830 | 0 | _aMateriały i Opracowania Urzędu Komisji Nadzoru Finansowego | |
| 020 | _a9788393026050 | ||
| 040 | _cBPK | ||
| 041 | 0 | _apol | |
| 044 | _aPOL | ||
| 080 | _a336.77(4-67) | ||
| 080 | _a336.76(4-67) | ||
| 920 | _a978-83-930260-5-0 | ||
| 942 | _cKS | ||
| 008 | 130116s pl a f |000 0 pol | ||
| 999 |
_c53866 _d53866 |
||
| 856 |
_uhttp://koha.tu.koszalin.pl/cgi-bin/koha/opac-detail.pl?biblionumber=53866 _yKatalog online BPK |
||